Scottish energy 2020? (Record no. 112920)

MARC details
000 -LEADER
fixed length control field 00965cad a22001815a 4500
001 - CONTROL NUMBER
control field E154278
008 - FIXED-LENGTH DATA ELEMENTS--GENERAL INFORMATION
fixed length control field 111108s2011 xxk f 000 0 eng d
035 ## - SYSTEM CONTROL NUMBER
System control number (Sirsi) u154278
041 0# - LANGUAGE CODE
Language code of text/sound track or separate title eng
110 2# - MAIN ENTRY--CORPORATE NAME
Corporate name or jurisdiction name as entry element Institution of Mechanical Engineers
9 (RLIN) 549
245 00 - TITLE STATEMENT
Title Scottish energy 2020?
Medium [electronic resource]
260 ## - PUBLICATION, DISTRIBUTION, ETC.
Place of publication, distribution, etc. London
Name of publisher, distributor, etc. IMechE
Date of publication, distribution, etc. 2011
520 ## - SUMMARY, ETC.
Summary, etc. Assesses the feasibility of the Scottish Government's goal for 20% of Scotland's total energy demand, and 100% of its electricity generation, to be met from renewable sources by 2020. Looks at what will be required from an engineering point of view for these targets to be achieved, and discusses potential barriers to success.
651 #4 - SUBJECT ADDED ENTRY--GEOGRAPHIC NAME
Geographic name Scotland
Chronological subdivision 1999-
690 ## - LOCAL SUBJECT ADDED ENTRY--TOPICAL TERM (OCLC, RLIN)
Topical term or geographic name as entry element ENVIRONMENTAL AND LAND CONSULTANCY-ENERGY-RENEWABLE ENERGY
856 40 - ELECTRONIC LOCATION AND ACCESS
Uniform Resource Identifier <a href="https://www.imeche.org/Libraries/2011_Press_Releases/IMechE_Scottish_Energy_Report.sflb.ashx">https://www.imeche.org/Libraries/2011_Press_Releases/IMechE_Scottish_Energy_Report.sflb.ashx</a>
Public note View the report free of charge at www.imeche.org
942 ## - ADDED ENTRY ELEMENTS (KOHA)
Suppress in OPAC 0
Holdings
Withdrawn status Lost status Source of classification or shelving scheme Damaged status Not for loan Home library Current library Shelving location Date acquired Total Checkouts Full call number Barcode Date last seen Copy number Price effective from Koha item type
    Dewey Decimal Classification     Virtual Virtual Online 08/11/2011   ONLINE PUBLICATION 154278-2001 06/08/2019 1 06/08/2019 Book